| 000 | 00606nam a2200181Ia 4500 | ||
|---|---|---|---|
| 005 | 20250508155943.0 | ||
| 008 | 008 250505s9999 xx 000 0 eng d | ||
| 037 | _aTextual | ||
| 040 |
_aFEDL _beng _cFEDL |
||
| 041 |
_aeng _2eng |
||
| 084 |
_a328.306, NCE _qFEDL |
||
| 245 | 0 | _aParliament questions: 1st September, 1961to 31st December, 1968 | |
| 245 | 0 | _cNational Council of Educational Research and Training | |
| 260 |
_aNew Delhi, India _bNational Council of Educational Research and Training |
||
| 300 | _aviii,250p | ||
| 942 |
_cTEXL _h328.306, NCE |
||
| 999 |
_c1360389 _d1360389 |
||